| 000 | 00563nam a2200193 i 4500 | ||
|---|---|---|---|
| 001 | 101628 | ||
| 003 | ES-MaACL | ||
| 005 | 20230906182939.0 | ||
| 007 | t| | ||
| 008 | 051021s1913 fr ||||1| fre d | ||
| 100 | 1 |
_aMeirs, George. _979853 |
|
| 245 | 1 | 2 |
_aL'Homme aux deux corps _b: roman policier / _cGeorge Meirs. |
| 260 |
_aParis : _bAlbert Mericant, _c1913. |
||
| 300 |
_a240 p. ; _c19 cm. |
||
| 490 | 1 | _aLes aventures de Williams Tharps | |
| 830 | 0 |
_aLes aventures de Williams Tharps _9232493 |
|
| 852 |
_aES-MaACL _jC-3540 |
||
| 999 |
_c101628 _d101628 |
||